| 000 | 01114nam a22003377a 4500 | ||
|---|---|---|---|
| 001 | 15210305 | ||
| 003 | OSt | ||
| 005 | 20210414101417.0 | ||
| 008 | 080307s2008 ilu 000 0 eng | ||
| 010 | _a 2008008866 | ||
| 020 | _a9781572486508 (pbk. : alk. paper) | ||
| 020 | _a1572486503 | ||
| 040 |
_aDLC _cDLC _dDLC _beng |
||
| 041 | _aeng | ||
| 050 | 0 | 0 |
_aKF156 _b.H33 2008 |
| 080 |
_a340 _bH-12 |
||
| 082 | 0 | 0 |
_a349.7303 _222 |
| 100 | 1 | _aHackney Blackwell, Amy. | |
| 245 | 1 | 4 |
_aThe essential law dictionary / _cby Amy Hackney Blackwell. _b/ by: Sphinx Pub |
| 250 | _a1st edition | ||
| 260 |
_aNaperville, Ill. _bSphinx Pub _c2008. |
||
| 300 |
_a555 p. _c15 cm. |
||
| 365 | _b11.99 usd | ||
| 650 | 0 |
_aLaw _zUnited States _vDictionaries. |
|
| 650 | 0 |
_aDictionary _9452 |
|
| 653 | _aსამართალი | ||
| 653 | _aსამართლის ლექსიკონი | ||
| 906 |
_a7 _bcbc _corignew _d1 _eecip _f20 _gy-gencatlg |
||
| 942 |
_2udc _cBK _e1 |
||
| 999 |
_c2142 _d2142 |
||